000 00879 a2200133 4500
082 _a307.141.6
_bL715g
100 _aVan Lidth de Jeude, Marije and Schutte, Oliver
_9432
245 _aCuaderno de Ciencias Sociales
_bGam(ismo) Cultura y Desarrollo Urbano en la Gran Area Metropolitana de Costa Rica
260 _aCosta Rica
_bFLACSO
_c2010
300 _a183 p.
_bill (a color)
_c21.5 cm
505 _tIntroduccion
_tSeccion 1 Sobre Urbanismos
_tSeccion 2 Cultura Urbana de la GAM de Cosa Rica
_tSeccion 3 La Imagen Urbana Percibida
_tSeccion 4 Mapeo Socio-Cultural
_tSeccion 5 Implicaciones para un Urbanismo Sostenible en la GAM de Costa Rica
_tSiglas y Acronimos
_tBibliografia
650 _xciudades y pueblos
_xcrecimientos
_xareas metropolitanas
_xdesarrollo de la comunidad humana
_xplanificacion
_xaspectos sociales
_zCosta Rica
_9433
700 _aMarije Van Lidth de Jeude and Oliver Schutte
_9434
999 _c85
_d85